000 00526nam a2200193Ia 4500
005 20250326144930.0
008 250326s9999 xx 000 0 und d
020 _a0-314-06477-X
037 _aTextbook
040 _aFMSL
_beng
_cFMSL
041 _aeng
_2eng
084 _aX:8D N6
_qFMSL
100 _aKent A Hickman
_9750335
245 0 _aFoundations of corporate fice
_cKent A Hickman And Others
260 _aNY
_bNY, West
_c1996
300 _axxv,600
942 _cTB
_hX:8D N6
999 _c1305680
_d1305680